000 00215nam a22000857a 4500
008 161227b xxu||||| |||| 00| 0 eng d
100 _92175
_aFrank Bros
245 _aJoyful Living-5
260 _aNew Delhi
_bFrank Brros
_c200
999 _c5064
_d5064